00335pab a2200121 454500008003600000100002200036245004900058650002600107650002000133650003100153650001500184773001400199180718b xxu||||| |||| 00| 0 eng d aGhatak, Aditi Roy aLexus Nexus - special courts, special crimes a Crimes and Criminals a Mehta, Harshad a Justice Administration of aCorruption aStatesman